Cobra Kai Season 3 Trivia - Statistics

General Stats
  • This quiz has been taken 127 times
  • The average score is 4 of 11
Answer Stats
Hint Answer % Correct
Whose arm does hawk break? Demetri
83%
Where does johny take miguel to get feeling in his foot again? Concert
74%
Who does johny friend on facebook? Allie Mills Schwarber
68%
Which of Daniel's enemies does he meet? Chozen Toguchi
66%
Whp does Mighuel kick to be able to have strong kicks again? Kyler
40%
Where do the kids fight in episode 10? Larusso House
31%
What does Tory fight Sam with in episode 10? Nunchucks
31%
Who go's to fight john Kreese? Johny
20%
What episode does Robby get out of Juvinile hall? Episode 8
16%
Where is Tory working when she sees Miguel. Sushi Resturant
5%
Who from Hawks pat did he bring back? Brucks & Kyler
3%
No matching quizzes found
Score Distribution
Percent of People with Each Score
Percentile by Number Answered
Your Score History
You have not taken this quiz